Countries of the World With Exceptions - Statistics

General Stats
  • This quiz has been taken 16 times
    4 since last reset
  • The average score is 43 of 55
Answer Stats
Hint Answer % Correct
D Democratic Republic of the Congo
100%
D Denmark
100%
D Djibouti
100%
D Dominica
100%
D Dominican Republic
100%
E Eritrea
100%
E Estonia
100%
E Eswatini
100%
E Ethiopia
100%
F Fiji
100%
F Finland
100%
H Haiti
100%
H Honduras
100%
I Iceland
100%
I Ireland
100%
J Jamaica
100%
J Japan
100%
K Kosovo
100%
K Kuwait
100%
O Oman
100%
Q Qatar
100%
R Republic of the Congo
100%
E Ecuador
75%
E Egypt
75%
F France
75%
I India
75%
I Indonesia
75%
I Iran
75%
I Iraq
75%
I Italy
75%
J Jordan
75%
K Kazakhstan
75%
R Rwanda
75%
U United Arab Emirates
75%
U United Kingdom
75%
U United States of America
75%
U Uruguay
75%
U Uzbekistan
75%
V Vanuatu
75%
V Vatican City
75%
Y Yemen
75%
Z Zambia
75%
Z Zimbabwe
75%
E El Salvador
50%
E Equatorial Guinea
50%
H Hungary
50%
K Kenya
50%
K Kiribati
50%
R Romania
50%
R Russia
50%
U Uganda
50%
U Ukraine
50%
V Venezuela
50%
V Vietnam
50%
K Kyrgzstan
0%
No matching quizzes found
Score Distribution
Percent of People with Each Score
Percentile by Number Answered
Your Score History
You have not taken this quiz since the last reset